ESTUDIOS LINGüISTISCOS : TEMAS HISPANOAMERICANOS

محفوظ في:
التفاصيل البيبلوغرافية
المؤلف الرئيسي: Alonso, Amado (autor)
التنسيق: كتاب
سلاسل:BIBLIOTECA ROMANICA HISPANICA ESTUDIOS Y ENSAYOS No.12
الموضوعات:
الوسوم: إضافة وسم
لا توجد وسوم, كن أول من يضع وسما على هذه التسجيلة!

MARC

LEADER 00000nam^a2200000^a^4500
001 000206058
005 20250521000000.0
009 20260310103135.076
035 |a 033133 
037 |a Acervo Xavier Clavigero 
082 |a 803. 6  |b ALO 
100 |a Alonso, Amado  |e (autor) 
245 1 0 |a ESTUDIOS LINGüISTISCOS :  |b TEMAS HISPANOAMERICANOS 
264 |a MADRID :  |b GREDOS, S.A.,  |c 1953 
300 |a 446 p. 
336 |a texto  |b txt  |2 rdacontenido 
337 |a sin mediación  |b n  |2 rdamedio 
338 |a volumen  |b nc  |2 rdasoporte 
440 |a BIBLIOTECA ROMANICA HISPANICA ESTUDIOS Y ENSAYOS No.12 
649 |a XX 
650 |a Lingüística 
910 |a Fondo General 
920 |a Impresos - Libros 
930 |a Colección General 
940 |a Literatura 
905 |a 101 
901 |a 033133  |b IT1  |c LIT  |i 033133  |u 20250521 
902 |a https://opac.biblio.iteso.mx/vufind/Record/000206058